GETS Theological Seminary Library

Share Jesus Without Fear (Record no. 16617)

MARC details
000 -LEADER
fixed length control field 00631nam a2200217Ia 4500
008 - FIXED-LENGTH DATA ELEMENTS--GENERAL INFORMATION
fixed length control field 200824s9999||||xx |||||||||||||| ||und||
020 ## - INTERNATIONAL STANDARD BOOK NUMBER
International Standard Book Number 0805464115
020 ## - INTERNATIONAL STANDARD BOOK NUMBER
International Standard Book Number 9780805464115
041 ## - LANGUAGE CODE
Language code of text/sound track or separate title eng
050 ## - LIBRARY OF CONGRESS CALL NUMBER
Classification number BV4520
Item number .F38 1999 
100 ## - MAIN ENTRY--PERSONAL NAME
Personal name Shepherd, Linda Evans
245 #0 - TITLE STATEMENT
Title Share Jesus Without Fear
Remainder of title /
Statement of responsibility, etc. Linda Evans Shepherd; Bill Fay; William Fay
260 ## - PUBLICATION, DISTRIBUTION, ETC.
Place of publication, distribution, etc. Nashville :
Name of publisher, distributor, etc. B & H Pub. Group,
Date of publication, distribution, etc. 1999
300 ## - PHYSICAL DESCRIPTION
Extent x, 195 p.
Other physical details ;
Dimensions 22 cm.
650 ## - SUBJECT ADDED ENTRY--TOPICAL TERM
Topical term or geographic name entry element Apologetics.
650 ## - SUBJECT ADDED ENTRY--TOPICAL TERM
Topical term or geographic name entry element Evangelistic work.
650 ## - SUBJECT ADDED ENTRY--TOPICAL TERM
Topical term or geographic name entry element Witness bearing (Christianity)
700 ## - ADDED ENTRY--PERSONAL NAME
Personal name Fay, Bill
700 ## - ADDED ENTRY--PERSONAL NAME
Personal name Fay, William
Holdings
Withdrawn status Lost status Damaged status Not for loan Home library Current library Shelving location Date acquired Total Checkouts Full call number Barcode Date last seen Price effective from Koha item type
        GETS Theological Seminary Library GETS Theological Seminary Library General Stacks 08/24/2020   BV4520 .F38 1999  00004779 08/24/2020 08/24/2020 English Books
OpacCredits

Contact the Librarian, GETS Library
Email: library@mygets.org









Implemented by GETS Library
(Powered by ETCA Professional Group)
GETS Theological Seminary
412 E. Rowland Street, CA 91723